New Library Design (Record no. 17344)

MARC details
000 -LEADER
fixed length control field 00573nam a22001817a 4500
005 - DATE AND TIME OF LATEST TRANSACTION
control field 20170704110641.0
008 - FIXED-LENGTH DATA ELEMENTS--GENERAL INFORMATION
fixed length control field 170704b xxu||||| |||| 00| 0 eng d
020 ## - INTERNATIONAL STANDARD BOOK NUMBER
International Standard Book Number 0471517178
040 ## - CATALOGING SOURCE
Original cataloging agency LB-BrCRDP
082 ## - DEWEY DECIMAL CLASSIFICATION NUMBER
Classification number 022.3 L282n
100 ## - MAIN ENTRY--PERSONAL NAME
Personal name Stephen Lanmead
245 ## - TITLE STATEMENT
Title New Library Design
Remainder of title guide lines to planning academic library buildings
260 ## - PUBLICATION, DISTRIBUTION, ETC.
Place of publication, distribution, etc. canada
Name of publisher, distributor, etc. Web offset publications Ltd.
Date of publication, distribution, etc. 1970
300 ## - PHYSICAL DESCRIPTION
Extent 113p
Dimensions 27cm
520 ## - SUMMARY, ETC.
Summary, etc. 1.campus plannig<br/>2.planning team<br/>3.planning the program:collection of data
700 ## - ADDED ENTRY--PERSONAL NAME
Personal name Margarel Beckman
942 ## - ADDED ENTRY ELEMENTS (KOHA)
Source of classification or shelving scheme Dewey Decimal Classification
Koha item type Books
Holdings
Withdrawn status Lost status Source of classification or shelving scheme Damaged status Not for loan Home library Current library Date acquired Total Checkouts Full call number Barcode Date last seen Price effective from Koha item type
    Dewey Decimal Classification     مكتبة المطبعة - سن الفيل مكتبة المطبعة - سن الفيل 07/04/2017   022.3 L282n crdp014995 07/04/2017 07/04/2017 Books